000 00724nam a2200217Ia 4500
005 20241129105918.0
008 241129s9999||||xx |||||||||||||| ||und||
020 _a978-93-92380-11-2
037 _aREF
040 _aARTS
_bhin
_cARTS
041 _ahin
_2hin
084 _aO152,1M96k R2(RR)
_qARTS
100 _aवर्मा, कमलेश, ले.
245 0 _aनिराला काव्य - कोश
_cवर्मा, कमलेश, ले.
260 _aदिल्ली, भारत
_bअनन्य प्रकाशन
_c2022
300 _a424पृ0
365 _aINR
_b950
650 _aHindi Poetry
_97134
942 _cREF
_hO152,1M96k R2(RR)
999 _c1226554
_d1226554